书目信息 |
| 题名: |
国外学习化社会理论与实践研究
|
|
| 作者: | 林钧 著 | |
| 分册: | ||
| 出版信息: | 北京 中国经济出版社 2013 |
|
| 页数: | 264页 | |
| 开本: | 24cm | |
| 丛书名: | ||
| 单 册: | ||
| 中图分类: | G77 | |
| 科图分类: | ||
| 主题词: | 社会教育--研究--国外 , 社会教育 | |
| 电子资源: | ||
| ISBN: | 978-7-5136-2164-9 | |
| 000 | 01086nam0 2200265 450 | |
| 001 | 523 | |
| 005 | 20140910083041.14 | |
| 010 | @a978-7-5136-2164-9@dCNY38.00 | |
| 100 | @a20130827d2013 em y0chiy50 ea | |
| 101 | 0 | @achi |
| 102 | @aCN@b110000 | |
| 105 | @ay z 000yy | |
| 106 | @ar | |
| 200 | 1 | @a国外学习化社会理论与实践研究@dTheory and practice of the learning society abroad@f林钧著@zeng |
| 210 | @a北京@c中国经济出版社@d2013 | |
| 215 | @a264页@d24cm | |
| 300 | @a山西省教育厅高校人文社会科学研究项目《国外学习化社会理论研究》成果 | |
| 330 | @a本书从教育角度阐述学习化社会建设,侧重国外学习化社会的理论发展与实践模式,为我国学习化社会建设提供借鉴经验。全书分为五章,具体包括:学习化社会理论的产生背景、国际组织的学习化社会思想、国外有代表性的学习化社会理论、世界各国构建学习化社会的实践探索、我国学习化社会理论探讨和实践摸索。 | |
| 510 | 1 | @aTheory and practice of the learning society abroad@zeng |
| 606 | 0 | @a社会教育@x研究@x国外 |
| 606 | 0 | @a社会教育 |
| 690 | @aG77@v5 | |
| 701 | 0 | @a林钧@4著 |
| 801 | 0 | @aCN@bTANGWEI@c20140603 |
| 905 | @b0842714-16@dG77@e10@f3 | |
| 国外学习化社会理论与实践研究=Theory and practice of the learning society abroad/林钧著.-北京:中国经济出版社,2013 |
| 264页;24cm |
| 山西省教育厅高校人文社会科学研究项目《国外学习化社会理论研究》成果 |
| ISBN 978-7-5136-2164-9:CNY38.00 |
| 本书从教育角度阐述学习化社会建设,侧重国外学习化社会的理论发展与实践模式,为我国学习化社会建设提供借鉴经验。全书分为五章,具体包括:学习化社会理论的产生背景、国际组织的学习化社会思想、国外有代表性的学习化社会理论、世界各国构建学习化社会的实践探索、我国学习化社会理论探讨和实践摸索。 |
| ● |
| 相关链接 |
|
|
|
|
正题名:国外学习化社会理论与实践研究
索取号:G77/10
 
预约/预借
| 序号 | 登录号 | 条形码 | 馆藏地/架位号 | 状态 | 备注 |
| 1 | 0842714 | 208427148 | 第一样本阅览室/ [索取号:G77/10] | 在馆 | |
| 2 | 0842715 | 208427157 | 第四借阅区/ [索取号:G77/10] | 在馆 | |
| 3 | 0842716 | 208427166 | 密集书库-物理学院/ [索取号:G77/10] | 在馆 |